| LEADER |
01257nam0a2200289 450 |
| 001 |
16867845 |
| 010 |
|
|
|a 978-2-408-04345-2
|b rel.
|d 15,5
|
| 100 |
|
|
|a 20240923d2025 u u0frey01 ba
|
| 101 |
0 |
|
|a fre
|
| 102 |
|
|
|a FR
|
| 200 |
0 |
|
|a Copain du bien-être
|e pour être bien dans ta peau !
|f Cindy Chapelle
|g illustrations d'Eva Roussel, et de Benjamin Flouw
|
| 207 |
|
1 |
|a
|
| 215 |
|
|
|a 1 vol. (188 p.)
|c illustrations en couleur
|d 26 x 20 cm
|
| 300 |
|
|
|a Adresses utiles. Glossaire. Index
|
| 330 |
|
|
|a Un mode d'emploi pour renforcer sa confiance en soi, gérer son stress et comprendre ses émotions. Avec des conseils ainsi que des activités adaptées aux enfants : exercices de sophrologie, origami, verbalisation des ressentis, entre autres.
|
| 606 |
0 |
|
|a Réalisation de soi
|
| 606 |
0 |
|
|a Confiance en soi
|
| 606 |
0 |
|
|a Estime de soi
|
| 606 |
0 |
|
|a Bien-être
|x Ouvrages pour la jeunesse
|
| 608 |
|
|
|a Ouvrages pour la jeunesse
|x Ouvrages pour la jeunesse
|
| 676 |
|
|
|a 613
|
| 700 |
|
0 |
|a Chapelle
|b Cindy
|4 70
|
| 702 |
|
0 |
|a Roussel
|b Eva
|4 440
|
| 702 |
|
0 |
|a Flouw
|b Benjamin
|f 1986-....
|4 440
|
| 900 |
|
|
|a Roman (enfants)
|
| 901 |
|
|
|a Jeunesse
|
| 995 |
|
|
|a Médiathèque
|c Médiathèque
|f 00156008859365
|h 00156008859365
|k E 613 CHA
|o p
|q j
|r az
|e Médiathèque
|